| 000 | 00995nam a22002897a 4500 | ||
|---|---|---|---|
| 001 | 4970 | ||
| 003 | FISKH | ||
| 005 | 20241028165357.0 | ||
| 008 | 241028b cb ||||| |||| 00| 0 eng d | ||
| 020 | _a9780194236317 | ||
| 040 |
_aFISKH _beng _cFISKH _dFISKH |
||
| 050 | _aPE1127.C55 | ||
| 082 | _2363.73874 | ||
| 100 | _aNewbolt, Barnaby | ||
| 245 |
_aClimate Change / _cby Barnaby Newbolt |
||
| 260 |
_aNew York : _bOxford University Press ; _c2009. |
||
| 300 |
_a56 pages : _bcolor illustrations ; _c220 cm . |
||
| 490 | _aOxford Bookworms | ||
| 505 | _aW | ||
| 520 | _aThis series presents engaing content about interesting places and subjects. Exercises and suggestions for project work are also included. The books are graded at 400- to 1,400-word vocabulary levels. | ||
| 521 | 8 |
_a880
_bLexile |
|
| 521 | 8 |
_aW
_bRz-Plus |
|
| 650 |
_aclimate change _vnon-fiction |
||
| 700 |
_aLindop, Christine _eFactfiles Series Editor |
||
| 942 |
_2ddc _cBK _n0 |
||
| 999 |
_c4970 _d4970 |
||